The Mordor Quiz Stats

 Plays Quiz Updated Oct 18, 2018

Score 0/30 Timer 05:00
2 Plays Today
Fact Answer % Correct
Head of StateSauron
90.3%
Main Ethnic GroupOrcs
80.4%
Flag ColorBlack
79.5%
Largest VolcanoMount Doom
71.4%
Flag ColorRed
68.6%
Form of GovernmentAbsolute Dictatorship
60.7%
ContinentMiddle-Earth
59.3%
Bordering CountryGondor
56.6%
Ex-AllySaruman
56.2%
Main EntranceThe Black Gate
54.9%
Flag SymbolThe Eye of Sauron
50.5%
Second-in-CommandThe Witch-King of Angmar
34.5%
Pedestrian AccessibilityOne does not simply walk into Mordor.
31.4%
Primary FortressBarad-dûr
27.2%
Secondary FortressMinas Morgul
26.3%
Fact Answer % Correct
First InhabitantShelob
26.3%
Alternate EntranceCirith Ungol
22.1%
AllyHaradrim
20.4%
LanguageThe Black Speech
15.8%
Name MeaningBlack Land/Land of Shadow
15.7%
AllyEasterlings
13.3%
Bordering RegionRhûn
12%
Plateau RegionGorgoroth
11.6%
Agricultural RegionNúrn
9.3%
Northern MountainsEred Lithui
7.7%
Body of WaterSea of Núrnen
6.4%
ValleyUdûn
5.5%
Bordering CountryKhand
5.2%
Western MountainsEphel Dúath
4.8%
Area (to nearest 5,000 sq mi)175,000
3.8%

You're not logged in!

Compare scores with friends on all Sporcle quizzes.
OR
Log In

Show Comments

Extras

Top Quizzes Today


Score Distribution

Your Account Isn't Verified!

In order to create a playlist on Sporcle, you need to verify the email address you used during registration. Go to your Sporcle Settings to finish the process.

Report this User

Report this user for behavior that violates our Community Guidelines.

Details: